[Event "C.to Italiano di Categoria B"]
[Site "Civitanova Marche ITA"]
[Date "2012.07.18"]
[Round "4"]
[White "Mastroddi, Emiliano"]
[Black "Bossoni, Mario"]
[WhiteElo "2089"]
[BlackElo "1919"]
[Result "1-0"]
[PlyCount "75"]
[EventDate "2012.07.15"]

1. c4 e5 2. Nc3 Nc6 3. g3 Bc5 4. Bg2 d6 5. d3 Be6 6. e3 Nge7 7. a3 a5 8. Nd5
O-O 9. Ne2 Bg4 10. h3 Bh5 11. O-O Nxd5 12. cxd5 Ne7 13. g4 Bg6 14. e4 c6 15.
dxc6 bxc6 16. d4 exd4 17. Nxd4 Rb8 18. Bg5 Bxd4 19. Qxd4 c5 20. Qd2 Qc7 21. Bf4
Rbd8 22. Rad1 Nc8 23. Qc3 Qb6 24. Rd2 Rfe8 25. f3 a4 26. Rfd1 Kf8 27. Bf1 h6
28. Bc4 f6 29. Bxh6 d5 30. exd5 Qd6 31. Be3 Qg3+ 32. Rg2 Qxh3 33. Bxc5+ Nd6 34.
Rf1 Qh6 35. Bb5 Re7 36. Bxa4 Rc8 37. Qb4 Rxc5 38. Qxc5 1-0

[Event "C.to Italiano di Categoria B"]
[Site "Civitanova Marche ITA"]
[Date "2012.07.18"]
[Round "4"]
[White "Milazzo, Mario"]
[Black "Pacilli, Emanuele"]
[WhiteElo "2077"]
[BlackElo "2168"]
[Result "0-1"]
[PlyCount "54"]
[EventDate "2012.07.15"]

1. c4 f5 2. Nc3 Nf6 3. g3 e6 4. d4 Be7 5. Bg2 d6 6. Nf3 O-O 7. O-O Qe8 8. Qd3
Qh5 9. e4 fxe4 10. Nxe4 Nxe4 11. Qxe4 a5 12. Bd2 c6 13. Qe3 Na6 14. a3 Nc7 15.
b4 axb4 16. Bxb4 g5 17. Nd2 Rf6 18. Ne4 Rh6 19. h3 e5 20. g4 Bxg4 21. dxe5 Ne6
22. Ng3 Qh4 23. exd6 Bf8 24. d7 Nf4 25. Rfd1 Bxh3 26. Nf5 Bxf5 27. Bf3 Qh2+ 0-1

[Event "C.to Italiano di Categoria B"]
[Site "Civitanova Marche ITA"]
[Date "2012.07.18"]
[Round "4"]
[White "Monducci, Mirko"]
[Black "Coronel, Joshua"]
[WhiteElo "1918"]
[BlackElo "1799"]
[Result "0-1"]
[PlyCount "70"]
[EventDate "2012.07.15"]

1. Nf3 Nf6 2. d4 g6 3. Nc3 Bg7 4. Bg5 d6 5. e4 Nbd7 6. h3 O-O 7. Qe2 e5 8. dxe5
dxe5 9. Nh2 Nc5 10. Qe3 Qd4 11. Bd3 Qxe3+ 12. fxe3 c6 13. O-O-O b5 14. Rhf1
Nfd7 15. Ng4 f6 16. Bh4 h5 17. Nh2 Bh6 18. Bf2 b4 19. Ne2 Nxd3+ 20. cxd3 Nc5
21. Kb1 Ba6 22. Nc1 Rad8 23. Kc2 f5 24. Nf3 fxe4 25. Nxe5 Rd5 26. Nxc6 exd3+
27. Kb1 d2 28. Nb3 Bxf1 29. Ne7+ Kh7 30. Nxd5 Rxf2 31. Nxc5 Bxg2 32. Nxb4 Bf3
33. Ncd3 Rh2 34. Rf1 d1=Q+ 35. Rxd1 Bxd1 0-1

[Event "C.to Italiano di Categoria B"]
[Site "Civitanova Marche ITA"]
[Date "2012.07.18"]
[Round "4"]
[White "Renzi, Marco"]
[Black "De Grandi, Samuele"]
[WhiteElo "1983"]
[BlackElo "1655"]
[Result "1-0"]
[PlyCount "91"]
[EventDate "2012.07.15"]

1. e4 c5 2. Nf3 g6 3. Nc3 Nc6 4. d4 cxd4 5. Nxd4 Bg7 6. Be3 Nf6 7. Be2 O-O 8.
Qd2 d5 9. exd5 Nxd5 10. Nxd5 Qxd5 11. Bf3 Qc4 12. Be2 Qd5 13. Nxc6 Qxd2+ 14.
Bxd2 bxc6 15. c3 Rb8 16. b3 a5 17. Rc1 Be6 18. c4 Bf5 19. g4 Be6 20. O-O Ra8
21. Rc2 Bd4 22. Bf3 Ra6 23. Rd1 c5 24. Kg2 f5 25. h3 fxg4 26. hxg4 Bxf2 27. Bh6
Bd4 28. Bxf8 Kxf8 29. Rf1 Kg7 30. Re2 Bf6 31. Rfe1 Bf7 32. Bd5 Bxd5+ 33. cxd5
a4 34. Re6 Rxe6 35. Rxe6 axb3 36. axb3 Kf7 37. Kf3 h5 38. gxh5 gxh5 39. Kf4 h4
40. Kf5 Bd4 41. Rh6 Bf2 42. Rh7+ Ke8 43. Ke6 Kd8 44. Rxe7 h3 45. Rh7 Bg3 46. d6
1-0

[Event "C.to Italiano di Categoria B"]
[Site "Civitanova Marche ITA"]
[Date "2012.07.18"]
[Round "4"]
[White "Rorato, Renzo"]
[Black "Tardelli, Andrea"]
[WhiteElo "2053"]
[BlackElo "1736"]
[Result "1/2-1/2"]
[PlyCount "34"]
[EventDate "2012.07.15"]

1. Nf3 Nc6 2. d4 d5 3. c4 e5 4. cxd5 Qxd5 5. Nc3 Bb4 6. Bd2 Bxc3 7. Bxc3 e4 8.
Ne5 Nxe5 9. dxe5 Qxd1+ 10. Rxd1 Be6 11. b3 Ne7 12. e3 O-O 13. Bb4 Rfe8 14. Bxe7
Rxe7 15. f4 exf3 16. gxf3 Bd7 17. f4 Bc6 1/2-1/2

[Event "C.to Italiano di Categoria B"]
[Site "Civitanova Marche ITA"]
[Date "2012.07.18"]
[Round "4"]
[White "Spornberger, Andre"]
[Black "Rinaudo, Andrea"]
[WhiteElo "1982"]
[BlackElo "2103"]
[Result "1-0"]
[PlyCount "167"]
[EventDate "2012.07.15"]

1. e4 c5 2. c3 d5 3. exd5 Qxd5 4. d4 Nc6 5. Nf3 Bg4 6. dxc5 Qxc5 7. Be3 Qa5 8.
Qb3 Qc7 9. Na3 Bxf3 10. gxf3 e6 11. Nb5 Qb8 12. O-O-O Nf6 13. Bh3 Be7 14. Rhg1
O-O 15. Rg2 Rd8 16. Rdg1 g6 17. f4 a6 18. Na3 Nd5 19. f5 Nxe3 20. fxe3 exf5 21.
Bxf5 Kg7 22. Qc2 Qd6 23. Nc4 Qf6 24. Rf2 Qh4 25. Rf4 Qh5 26. Qf2 Bg5 27. Bg4
Qh4 28. Rxf7+ Kg8 29. Be6 Kh8 30. Qxh4 Bxh4 31. Rxb7 Rf8 32. Rd1 Rfd8 33. Rxd8+
Rxd8 34. Kc2 Bf2 35. Rd7 Rxd7 36. Bxd7 Ne7 37. Kd3 Kg7 38. b4 Kf6 39. a4 Nd5
40. Kd4 Nc7 41. b5 Ke7 42. Bc6 axb5 43. axb5 g5 44. h3 h5 45. Kc5 g4 46. hxg4
hxg4 47. Kb6 Kd8 48. Ka7 Nxb5+ 49. Bxb5 g3 50. Bc6 Be1 51. Kb6 Bxc3 52. Bg2 Kd7
53. Bh3+ Ke7 54. Kc6 Kf6 55. Kd5 Kg5 56. Ke4 Kh4 57. Bg2 Kg4 58. Ne5+ Kg5 59.
Nf3+ Kg4 60. Ng1 Ba5 61. Bh3+ Kh4 62. Kf3 Bb6 63. Bg2 Ba7 64. Kf4 Bb8+ 65. Kf5
Ba7 66. Nf3+ Kh5 67. e4 Kh6 68. Kf6 Bb6 69. e5 Bd8+ 70. Kf7 Kh5 71. e6 Kg4 72.
e7 Bxe7 73. Kxe7 Kf4 74. Kf6 Ke3 75. Kg5 Kf2 76. Nh4 Kg1 77. Kg4 Kf2 78. Bf3 g2
79. Nxg2 Kg1 80. Kg3 Kf1 81. Bg4 Kg1 82. Be2 Kh1 83. Nf4 Kg1 84. Nh3+ 1-0

[Event "C.to Italiano di Categoria B"]
[Site "Civitanova Marche ITA"]
[Date "2012.07.19"]
[Round "5"]
[White "Allegranti, Luca"]
[Black "Traversi, Carlo"]
[WhiteElo "1974"]
[BlackElo "1586"]
[Result "1-0"]
[PlyCount "51"]
[EventDate "2012.07.15"]

1. b3 d5 2. d4 Nf6 3. Bb2 Bf5 4. Nf3 e6 5. e3 Be7 6. Be2 h6 7. Nbd2 c6 8. O-O
O-O 9. Re1 Nbd7 10. Bf1 Re8 11. a3 c5 12. c4 b6 13. cxd5 exd5 14. Bb5 a6 15.
Bc6 Rc8 16. Bb7 Rc7 17. Bxa6 cxd4 18. Nxd4 Bg6 19. Rc1 Nc5 20. Bb5 Rf8 21. Qe2
Qc8 22. b4 Nce4 23. f3 Nc3 24. Bxc3 Rxc3 25. N2b3 Bd6 26. Rxc3 1-0

[Event "C.to Italiano di Categoria B"]
[Site "Civitanova Marche ITA"]
[Date "2012.07.19"]
[Round "5"]
[White "Bossoni, Mario"]
[Black "Giancotti, Eraldo"]
[WhiteElo "1919"]
[BlackElo "2062"]
[Result "1-0"]
[PlyCount "67"]
[EventDate "2012.07.15"]

1. e4 d6 2. d4 g6 3. Nc3 Bg7 4. f4 a6 5. Be3 b5 6. Nf3 Bb7 7. Bd3 e6 8. O-O Nd7
9. Qe1 c5 10. dxc5 Nxc5 11. Bxc5 dxc5 12. e5 Bf8 13. Be4 Qb6 14. Bxb7 Qxb7 15.
Rd1 Be7 16. Ne4 h5 17. Nd6+ Bxd6 18. exd6 Nh6 19. d7+ Ke7 20. Qe5 Qb6 21. d8=Q+
Raxd8 22. Rxd8 Qxd8 23. Qxc5+ Qd6 24. Qg5+ Kf8 25. Qf6 Kg8 26. h3 Qe7 27. Qc3
Qa7+ 28. Kh2 Nf5 29. Rd1 Qe7 30. Ne5 b4 31. Qb3 Kg7 32. Rd7 Qc5 33. Qxe6 Kh6
34. Nxf7+ 1-0

[Event "C.to Italiano di Categoria B"]
[Site "Civitanova Marche ITA"]
[Date "2012.07.19"]
[Round "5"]
[White "Brioschi, Camillo"]
[Black "Chiarion, Elisa"]
[WhiteElo "1836"]
[BlackElo "2004"]
[Result "0-1"]
[PlyCount "80"]
[EventDate "2012.07.15"]

1. d4 d5 2. c4 e6 3. Nc3 c6 4. Nf3 dxc4 5. g3 Nf6 6. Bg2 b5 7. O-O Be7 8. Ne5
Nd5 9. e4 Nxc3 10. bxc3 Bb7 11. f4 Nd7 12. Ng4 h5 13. Ne3 Nb6 14. e5 Na4 15.
Qc2 Qa5 16. Bd2 g6 17. f5 gxf5 18. Nxf5 exf5 19. Qxf5 Nxc3 20. Qxf7+ Kd8 21.
Kh1 h4 22. Qe6 hxg3 23. h3 b4 24. Rf7 Nd5 25. Bg5 Re8 26. Bxe7+ Nxe7 27. Qd6+
Kc8 28. h4 Qc7 29. Qxb4 c5 30. Qxc4 Bxg2+ 31. Kxg2 Qc6+ 32. Kg1 Qd5 33. Qa6+
Qb7 34. Qe6+ Kd8 35. d5 Qb6 36. Qxb6+ axb6 37. e6 Kc7 38. Rd1 Kd6 39. Kg2 Ra3
40. Rd2 b5 0-1

[Event "C.to Italiano di Categoria B"]
[Site "Civitanova Marche ITA"]
[Date "2012.07.19"]
[Round "5"]
[White "Brociner, Beniamino"]
[Black "Milazzo, Mario"]
[WhiteElo "1961"]
[BlackElo "2077"]
[Result "1/2-1/2"]
[PlyCount "36"]
[EventDate "2012.07.15"]

1. Nf3 g6 2. g3 Bg7 3. c4 f5 4. Bg2 Nf6 5. d4 d6 6. b3 O-O 7. Bb2 Na6 8. O-O c5
9. Nc3 h6 10. e3 Qe8 11. dxc5 Nxc5 12. Nd4 g5 13. Nd5 Nxd5 14. cxd5 Bd7 15. Rc1
Rc8 16. Qd2 Qg6 17. f4 g4 18. Rc4 Qf7 1/2-1/2

[Event "C.to Italiano di Categoria B"]
[Site "Civitanova Marche ITA"]
[Date "2012.07.19"]
[Round "5"]
[White "Coronel, Joshua"]
[Black "Boraso, Alessio"]
[WhiteElo "1799"]
[BlackElo "2078"]
[Result "0-1"]
[PlyCount "50"]
[EventDate "2012.07.15"]

1. e4 c5 2. Nf3 Nc6 3. d4 cxd4 4. Nxd4 e5 5. Nb5 d6 6. c4 Be6 7. N1c3 a6 8. Na3
Be7 9. Be2 Bg5 10. O-O Bxc1 11. Rxc1 Nge7 12. Nc2 O-O 13. Qd2 Ng6 14. Rfd1 Nf4
15. Bf1 Qg5 16. Nd5 Bxd5 17. cxd5 Ne7 18. g3 Qg6 19. f3 f5 20. Kh1 Nh5 21. Bg2
Nf6 22. Qb4 fxe4 23. fxe4 Ng4 24. Rd2 a5 25. Qc3 Nf2+ 0-1

[Event "C.to Italiano di Categoria B"]
[Site "Civitanova Marche ITA"]
[Date "2012.07.19"]
[Round "5"]
[White "De Grandi, Samuele"]
[Black "Coqueraut, Jean Dominique"]
[WhiteElo "1655"]
[BlackElo "1809"]
[Result "0-1"]
[PlyCount "58"]
[EventDate "2012.07.15"]

1. c4 e5 2. g3 c6 3. d4 e4 4. Nc3 Nf6 5. Nh3 d5 6. Bg5 Bb4 7. Qb3 Bxc3+ 8. Qxc3
h6 9. Bxf6 Qxf6 10. cxd5 O-O 11. dxc6 Nxc6 12. d5 Qxc3+ 13. bxc3 Ne5 14. O-O-O
Bd7 15. e3 Rac8 16. Kb2 Rc5 17. Nf4 Rfc8 18. Rc1 Ng4 19. h3 Nxf2 20. Rh2 Rxc3
21. Rxc3 Nd1+ 22. Kc1 Nxc3 23. Kb2 Nd1+ 24. Kb1 Nxe3 25. Rh1 Ba4 26. h4 Rc2 27.
Bh3 Nc4 28. Bf5 g6 29. Bc8 Na3+ 0-1

[Event "C.to Italiano di Categoria B"]
[Site "Civitanova Marche ITA"]
[Date "2012.07.19"]
[Round "5"]
[White "Distaso, Antonio"]
[Black "Mastroddi, Emiliano"]
[WhiteElo "2040"]
[BlackElo "2089"]
[Result "1-0"]
[PlyCount "85"]
[EventDate "2012.07.15"]

1. e4 c5 2. Nf3 d6 3. Bb5+ Bd7 4. Bxd7+ Qxd7 5. O-O Nc6 6. c3 Nf6 7. Re1 g6 8.
d4 cxd4 9. cxd4 Bg7 10. Nc3 O-O 11. Bg5 e6 12. Qd2 a6 13. Rad1 Ne7 14. Bh6 b5
15. Qg5 b4 16. Bxg7 Kxg7 17. e5 Nfg8 18. Ne4 h6 19. Qf4 d5 20. Nc5 Qa7 21. Nd2
Rac8 22. Nf1 Nf5 23. Rc1 Rc7 24. Ne3 Nfe7 25. h4 Rfc8 26. Re2 a5 27. Rec2 Rc6
28. Ng4 Nf5 29. Nf6 R6c7 30. Nxg8 Kxg8 31. Kh2 Kh7 32. Kh3 a4 33. g4 Nxh4 34.
Qe3 g5 35. f4 Ng6 36. fxg5 hxg5 37. Qxg5 b3 38. axb3 axb3 39. Rh2 Rh8 40. Kg3+
Kg8 41. Rxh8+ Kxh8 42. Rh1+ Kg8 43. Nxe6 1-0

[Event "C.to Italiano di Categoria B"]
[Site "Civitanova Marche ITA"]
[Date "2012.07.19"]
[Round "5"]
[White "Fioravanti, Emidio"]
[Black "Biancarelli, Renato"]
[WhiteElo "1904"]
[BlackElo "1520"]
[Result "0-1"]
[PlyCount "110"]
[EventDate "2012.07.15"]

1. e4 e5 2. f4 Bc5 3. Nf3 d6 4. Bc4 Nf6 5. d3 Nc6 6. c3 O-O 7. b4 Bb6 8. a4 a5
9. b5 Ne7 10. Qe2 exf4 11. Bxf4 Ng6 12. Be3 Bxe3 13. Qxe3 d5 14. Bb3 dxe4 15.
dxe4 Nxe4 16. O-O Nd6 17. Nbd2 Re8 18. Qc5 Be6 19. Bc2 h6 20. Rad1 Qe7 21. Rde1
Qd7 22. Bxg6 fxg6 23. Ne5 Qd8 24. Nxg6 Nf7 25. Nf3 Qd6 26. Qh5 Nh8 27. Nxh8
Kxh8 28. Ng5 Qc5+ 29. Kh1 Qxg5 30. Qe2 Bd5 31. Qf2 Bc4 32. Rg1 Rf8 33. Qd4 Bg8
34. Re3 Rf2 35. Rg3 Qf6 36. Qd3 Rf8 37. Rg6 Qf5 38. Rg3 Qxd3 39. Rxd3 Bb3 40.
Rd4 R8f7 41. h3 R7f4 42. Rd8+ Kh7 43. Kh2 Bxa4 44. Rd5 Rf5 45. Rxf5 Rxf5 46. c4
Rc5 47. Rb1 Rxc4 48. b6 cxb6 49. Rxb6 Bc6 50. g4 a4 51. Rb1 b5 52. Kg3 a3 53.
Kh4 a2 54. Rg1 Ra4 55. Ra1 b4 0-1

[Event "C.to Italiano di Categoria B"]
[Site "Civitanova Marche ITA"]
[Date "2012.07.19"]
[Round "5"]
[White "Fratini, Mauro"]
[Black "Andrenelli, Adriano"]
[WhiteElo "1862"]
[BlackElo "1934"]
[Result "0-1"]
[PlyCount "71"]
[EventDate "2012.07.15"]

1. d4 Nf6 2. Bf4 c5 3. e3 cxd4 4. exd4 Qb6 5. Nc3 d5 6. Nf3 e6 7. Nb5 Na6 8. c3
Be7 9. Bd3 O-O 10. h4 Bd7 11. a4 Rfc8 12. O-O Bxb5 13. axb5 Nc7 14. Qe2 Nce8
15. Ne5 Nd6 16. Bg5 Qd8 17. Ra4 Nfe4 18. Bxe7 Qxe7 19. g3 f6 20. Ng4 Rf8 21. c4
f5 22. c5 Nf7 23. Bxe4 fxe4 24. b4 e5 25. Qa2 Qe6 26. Ne3 Rad8 27. Rxa7 exd4
28. Ng2 Ne5 29. f4 Nf3+ 30. Kf2 Qg4 31. Rd1 e3+ 32. Nxe3 dxe3+ 33. Kxe3 Qxg3
34. Rxd5 Qxf4+ 35. Kd3 Qf5+ 36. Ke3 0-1

[Event "C.to Italiano di Categoria B"]
[Site "Civitanova Marche ITA"]
[Date "2012.07.19"]
[Round "5"]
[White "Gaglianese, Marco"]
[Black "Simeone, Giulio"]
[WhiteElo "1724"]
[BlackElo "1984"]
[Result "1/2-1/2"]
[PlyCount "65"]
[EventDate "2012.07.15"]

1. d4 g6 2. Bf4 Bg7 3. Nc3 c5 4. e3 Nf6 5. Nf3 O-O 6. Be2 cxd4 7. exd4 d5 8.
O-O Nc6 9. Ne5 Bf5 10. Nxc6 bxc6 11. Na4 Ne4 12. f3 Nd6 13. c3 Re8 14. Nc5 e5
15. dxe5 Bxe5 16. Bxe5 Rxe5 17. Bd3 Qb6 18. b4 Rae8 19. Kh1 Qd8 20. Bxf5 Nxf5
21. Nd3 Re2 22. Re1 Qh4 23. Kg1 Rxe1+ 24. Nxe1 d4 25. g4 Ne3 26. Qxd4 Nxg4 27.
fxg4 Rxe1+ 28. Rxe1 Qxe1+ 29. Kg2 Qe2+ 30. Kg3 Qxa2 31. Qd8+ Kg7 32. Qd4+ Kg8
33. Qd8+ 1/2-1/2

[Event "C.to Italiano di Categoria B"]
[Site "Civitanova Marche ITA"]
[Date "2012.07.19"]
[Round "5"]
[White "Gattafoni, Alessio"]
[Black "Rorato, Renzo"]
[WhiteElo "1985"]
[BlackElo "2053"]
[Result "1-0"]
[PlyCount "101"]
[EventDate "2012.07.15"]

1. e4 c5 2. Nc3 Nc6 3. Nf3 e5 4. a3 Nf6 5. Bc4 Be7 6. d3 h6 7. h3 d6 8. O-O a6
9. Ne2 d5 10. exd5 Nxd5 11. Re1 Be6 12. Ng3 Qc7 13. Ba2 O-O-O 14. Qe2 Rhe8 15.
Nxe5 Nxe5 16. Qxe5 Bd6 17. Qe2 Bxg3 18. fxg3 Bxh3 19. Qxe8 Rxe8 20. Rxe8+ Kd7
21. Re2 Be6 22. Bxd5 Bxd5 23. Bf4 Qb6 24. c4 Be6 25. Be5 g6 26. Rd2 Ke7 27. Bf4
h5 28. Be3 Qd6 29. Bf2 Qc7 30. d4 cxd4 31. Rxd4 a5 32. c5 g5 33. b4 axb4 34.
axb4 g4 35. Rd6 Kf6 36. Bd4+ Kg6 37. Be5 Qc8 38. Kh2 Kh7 39. Rad1 Qe8 40. Rd8
Qb5 41. R1d2 Qxb4 42. Rh8+ Kg6 43. Rf2 f5 44. Bd6 Qe1 45. Rb2 Bd5 46. Bf4 Qc3
47. Rh6+ Kg7 48. Re2 Qxc5 49. Rd6 Be4 50. Rd7+ Kf8 51. Bd6+ 1-0

[Event "C.to Italiano di Categoria B"]
[Site "Civitanova Marche ITA"]
[Date "2012.07.19"]
[Round "5"]
[White "Guglielmi, Dante"]
[Black "Rinaudo, Sergio"]
[WhiteElo "1897"]
[BlackElo "2154"]
[Result "1-0"]
[PlyCount "151"]
[EventDate "2012.07.15"]

1. c4 Nf6 2. Nc3 e6 3. Nf3 d5 4. e3 c5 5. d4 Be7 6. Bd3 O-O 7. O-O Nc6 8. dxc5
dxc4 9. Bxc4 Bxc5 10. a3 a5 11. Qc2 e5 12. Rd1 Qe7 13. Ng5 g6 14. Nge4 Nxe4 15.
Nxe4 Bf5 16. Bd5 Ba7 17. Qa4 Rfd8 18. Nc3 Rac8 19. Bd2 Be6 20. Be1 Bxd5 21.
Rxd5 Rxd5 22. Nxd5 Qc5 23. Rd1 Kg7 24. Qb3 Rd8 25. Nc3 Rxd1 26. Qxd1 Qb6 27.
Qc2 Ne7 28. Na4 Qb5 29. Nc3 Qc5 30. Qb3 Qc6 31. Qb5 Qc7 32. g3 Qc5 33. Qxb7 Nf5
34. Qd5 Qe7 35. Ne4 a4 36. Bc3 f6 37. Bb4 Qf7 38. Qxf7+ Kxf7 39. Nc3 Ke6 40.
Nxa4 Kd5 41. Nc3+ Ke6 42. Ne4 h5 43. Bc5 Bb8 44. b4 h4 45. a4 hxg3 46. hxg3 Ng7
47. a5 f5 48. Nc3 f4 49. gxf4 exf4 50. exf4 Bxf4 51. a6 Bb8 52. a7 Bxa7 53.
Bxa7 Nf5 54. Bc5 Nh4 55. b5 Kd7 56. f4 Nf3+ 57. Kf2 Nd2 58. Ke2 Nb3 59. Ba7 Na5
60. Kd3 Ke6 61. Ke4 Nb7 62. Bb8 Nc5+ 63. Kf3 Kf5 64. Nd5 g5 65. Ne3+ Kf6 66. f5
Na4 67. Kg4 Nc3 68. b6 Na4 69. Nd5+ Kf7 70. Kxg5 Nc5 71. Bc7 Ne4+ 72. Kf4 Nc5
73. Nc3 Nd3+ 74. Ke3 Nc5 75. Ne4 Nd7 76. b7 1-0

[Event "C.to Italiano di Categoria B"]
[Site "Civitanova Marche ITA"]
[Date "2012.07.19"]
[Round "5"]
[White "Miandro, Roberto"]
[Black "Spornberger, Andre"]
[WhiteElo "2093"]
[BlackElo "1982"]
[Result "0-1"]
[PlyCount "112"]
[EventDate "2012.07.15"]

1. c4 g6 2. Nf3 Bg7 3. d4 d6 4. g3 Nf6 5. Bg2 O-O 6. O-O Nbd7 7. Nc3 e5 8. Bg5
h6 9. Bxf6 Bxf6 10. Rc1 Bg7 11. e4 exd4 12. Nxd4 Re8 13. Qd2 Nc5 14. b3 a5 15.
h3 a4 16. b4 Ne6 17. Nde2 Ng5 18. h4 Nh7 19. a3 Be6 20. Nd5 Qd7 21. Nef4 Nf6
22. Nxf6+ Bxf6 23. Rc2 h5 24. Rd1 Be5 25. Nxe6 Qxe6 26. Qg5 Kg7 27. Kh2 Qg4 28.
Qxg4 hxg4 29. Kg1 c6 30. Rd3 Rad8 31. Rcd2 f5 32. exf5 gxf5 33. f4 gxf3 34.
Rxf3 Kg6 35. Rfd3 Re7 36. Kf2 Rde8 37. Bf3 c5 38. bxc5 dxc5 39. Bd1 Bd4+ 40.
Kg2 Re1 41. Rf3 R8e3 42. Rd3 Rg1+ 43. Kh2 Ree1 44. Rxd4 cxd4 45. Bxa4 Rh1+ 46.
Kg2 Reg1+ 47. Kf2 Rf1+ 48. Ke2 Rxf3 49. Kxf3 Re1 50. Bc2 Kf6 51. h5 Re3+ 52.
Kf4 Rxa3 53. Bxf5 d3 54. g4 d2 55. g5+ Kf7 56. Bg4 Ra1 0-1

[Event "C.to Italiano di Categoria B"]
[Site "Civitanova Marche ITA"]
[Date "2012.07.19"]
[Round "5"]
[White "Pacilli, Emanuele"]
[Black "Arnetta, Maria Teresa"]
[WhiteElo "2168"]
[BlackElo "2013"]
[Result "1-0"]
[PlyCount "85"]
[EventDate "2012.07.15"]

1. e4 c5 2. Nc3 Nc6 3. f4 e6 4. Nf3 Nf6 5. Bb5 Nd4 6. Bd3 a6 7. O-O d5 8. e5
Nxf3+ 9. Qxf3 Nd7 10. Re1 Qc7 11. Bf1 g6 12. Ne2 Bg7 13. c3 O-O 14. d4 b6 15.
Ng3 Ra7 16. Bd3 f6 17. Qe2 f5 18. Nh1 Qd8 19. Rf1 Nb8 20. Be3 c4 21. Bc2 b5 22.
Rf3 a5 23. a3 Nc6 24. g4 Ne7 25. Raf1 Kf7 26. Rh3 Rh8 27. Ng3 Qb6 28. Kh1 b4
29. Bc1 Rb7 30. Rg1 Qd8 31. gxf5 Nxf5 32. Qg2 Qg8 33. Nxf5 gxf5 34. Rg3 Kf8 35.
cxb4 axb4 36. Bd2 b3 37. Bb4+ Ke8 38. Bb1 Qf7 39. Rxg7 Qh5 40. Rg8+ Rxg8 41.
Qxg8+ Kd7 42. Rg7+ Kc6 43. Qxc8+ 1-0

[Event "C.to Italiano di Categoria B"]
[Site "Civitanova Marche ITA"]
[Date "2012.07.19"]
[Round "5"]
[White "Panella, Fiammetta"]
[Black "Iori, Massimiliano"]
[WhiteElo "2043"]
[BlackElo "1962"]
[Result "1-0"]
[PlyCount "71"]
[EventDate "2012.07.15"]

1. e4 e5 2. Nf3 Nf6 3. Nxe5 d6 4. Nf3 Nxe4 5. Nc3 Nxc3 6. dxc3 Be7 7. Bf4 Nc6
8. Qd3 O-O 9. O-O-O Bg4 10. h4 Qd7 11. Be2 Bf5 12. Qd2 Bf6 13. Bg5 Qe6 14. Kb1
h6 15. Bf4 Rfe8 16. Rde1 Qd7 17. h5 Re7 18. Bb5 Rae8 19. Nd4 a6 20. Rxe7 Rxe7
21. Nxf5 Qxf5 22. Bd3 Qe6 23. Rd1 Qg4 24. f3 Qxh5 25. g4 Qh4 26. Be4 Be5 27. a3
h5 28. Bg5 Qh3 29. Bxe7 Nxe7 30. gxh5 d5 31. Bxd5 c6 32. Be4 Nd5 33. Bxd5 cxd5
34. Qxd5 Bf6 35. Re1 Qc8 36. Qe4 1-0

[Event "C.to Italiano di Categoria B"]
[Site "Civitanova Marche ITA"]
[Date "2012.07.19"]
[Round "5"]
[White "Pierantozzi, Stanislao"]
[Black "Monducci, Mirko"]
[WhiteElo "1986"]
[BlackElo "1918"]
[Result "0-1"]
[PlyCount "90"]
[EventDate "2012.07.15"]

1. d4 d5 2. c4 c6 3. Nc3 e6 4. Nf3 Nd7 5. e3 Ngf6 6. Bd3 dxc4 7. Bxc4 b5 8. Be2
a6 9. O-O Bb7 10. Bd2 Be7 11. Rc1 Rc8 12. Bd3 c5 13. dxc5 Nxc5 14. Bc2 Nd3 15.
Bxd3 Qxd3 16. Qe2 Qxe2 17. Nxe2 O-O 18. Ba5 Bd5 19. b3 Ba3 20. Rxc8 Rxc8 21.
Nc3 h6 22. Rd1 b4 23. Nxd5 Nxd5 24. Kf1 Nc3 25. Rd2 Ne4 26. Rd8+ Rxd8 27. Bxd8
Nc3 28. Ke1 Kf8 29. Nd4 Nxa2 30. Kd1 Nc3+ 31. Kc2 Ke8 32. Ba5 Kd7 33. f3 Nd5
34. Kd3 Kd6 35. g3 Kc5 36. Nc2 Kb5 37. Bd8 Bb2 38. e4 Nf6 39. Nd4+ Bxd4 40.
Kxd4 Nd7 41. h4 Nc5 42. g4 Nxb3+ 43. Ke3 a5 44. h5 Nc5 45. f4 a4 0-1

[Event "C.to Italiano di Categoria B"]
[Site "Civitanova Marche ITA"]
[Date "2012.07.19"]
[Round "5"]
[White "Raselli, Claudio"]
[Black "Capito', Mario"]
[WhiteElo "1890"]
[BlackElo "1857"]
[Result "0-1"]
[PlyCount "56"]
[EventDate "2012.07.15"]

1. Nf3 f5 2. d4 g6 3. e3 Nf6 4. Bd3 d6 5. b3 Bg7 6. Bb2 Nbd7 7. Nbd2 e6 8. O-O
Qe7 9. e4 Nf8 10. exf5 gxf5 11. Re1 Bd7 12. Bxf5 O-O-O 13. c4 Nh5 14. Qc2 Qf6
15. Bg4 Nf4 16. c5 Kb8 17. cxd6 cxd6 18. Ba3 Bc6 19. Ne4 Qg6 20. Bxd6+ Rxd6 21.
Ne5 Bxe5 22. dxe5 Rd3 23. f3 h5 24. Rad1 Rxd1 25. Qxd1 Nd7 26. Qd6+ Ka8 27. g3
hxg4 28. gxf4 gxf3+ 0-1

[Event "C.to Italiano di Categoria B"]
[Site "Civitanova Marche ITA"]
[Date "2012.07.19"]
[Round "5"]
[White "Rinaudo, Andrea"]
[Black "Santeramo, Domenico"]
[WhiteElo "2103"]
[BlackElo "2042"]
[Result "0-1"]
[PlyCount "94"]
[EventDate "2012.07.15"]

1. e4 e6 2. d4 d5 3. exd5 exd5 4. Bd3 Bd6 5. Ne2 Ne7 6. O-O Nbc6 7. Nbc3 Bg4 8.
f3 Bf5 9. Nxd5 Bxh2+ 10. Kxh2 Qxd5 11. c4 Qd7 12. Be4 O-O-O 13. Be3 Bxe4 14.
fxe4 Qg4 15. Rf4 Qh5+ 16. Kg1 Ne5 17. b3 g5 18. Rf2 Ng4 19. Rf3 Qh2+ 20. Kf1
Qh1+ 21. Ng1 Nh2+ 22. Kf2 Nxf3 23. Qxf3 Qh4+ 24. Ke2 Rhe8 25. Kd3 Nc6 26. Qf5+
Kb8 27. Nf3 Qg3 28. Qxg5 Qd6 29. c5 Qe6 30. Qf5 Nb4+ 31. Kd2 Qxf5 32. exf5 Rxe3
33. Kxe3 Nc2+ 34. Kd2 Nxa1 35. Kc1 Rg8 36. Kb2 Nxb3 37. Kxb3 Rxg2 38. Ne5 Rf2
39. Nxf7 Rxf5 40. Nh6 Rf6 41. Ng8 Rf4 42. Kc3 h5 43. d5 h4 44. Ne7 h3 45. d6
cxd6 46. cxd6 h2 47. d7 Rf8 0-1

[Event "C.to Italiano di Categoria B"]
[Site "Civitanova Marche ITA"]
[Date "2012.07.19"]
[Round "5"]
[White "Sagripanti, Michele"]
[Black "Forlano, Luigi"]
[WhiteElo "1981"]
[BlackElo "1958"]
[Result "1/2-1/2"]
[PlyCount "90"]
[EventDate "2012.07.15"]

1. e4 c5 2. c3 g6 3. Nf3 Bg7 4. d4 cxd4 5. cxd4 d5 6. exd5 Nf6 7. Nc3 O-O 8.
Bc4 Nbd7 9. d6 exd6 10. O-O Nb6 11. Bb3 h6 12. h3 a6 13. Bf4 g5 14. Bh2 Bf5 15.
a4 Rc8 16. Nd2 g4 17. a5 Na8 18. Nc4 gxh3 19. Nxd6 hxg2 20. Re1 Bg4 21. f3 Bh3
22. Nxc8 Qxc8 23. Qd3 Rd8 24. Be5 Bf5 25. Qc4 Qd7 26. Ba4 Qe7 27. Qc5 Qe6 28.
d5 Qc8 29. Qxc8 Rxc8 30. d6 b5 31. Bb3 Bd7 32. Kxg2 Rc5 33. Rac1 Nh5 34. Bxg7
Kxg7 35. Nd5 Rxd5 36. Bxd5 Nf4+ 37. Kg3 Nxd5 38. Red1 Ne3 39. Rd3 Nc4 40. b3
Nxa5 41. Rdc3 Nb6 42. Ra1 Nd5 43. Rd3 Nb4 44. Rc3 Nd5 45. Rd3 Nb4 1/2-1/2

[Event "C.to Italiano di Categoria B"]
[Site "Civitanova Marche ITA"]
[Date "2012.07.19"]
[Round "5"]
[White "Tardelli, Andrea"]
[Black "Bellincampi, Stefano"]
[WhiteElo "1736"]
[BlackElo "2069"]
[Result "0-1"]
[PlyCount "48"]
[EventDate "2012.07.15"]

1. e4 c5 2. d4 cxd4 3. c3 Nf6 4. e5 Nd5 5. cxd4 d6 6. Nf3 Nc6 7. Bc4 Nb6 8.
Bxf7+ Kxf7 9. Ng5+ Kg8 10. e6 Qe8 11. Nc3 d5 12. Qf3 Nd8 13. Nxd5 Qg6 14. Nc7
h6 15. Qf7+ Nxf7 16. exf7+ Qxf7 17. Nxf7 Kxf7 18. Nxa8 Nxa8 19. Bf4 e6 20. O-O
Bd7 21. Rac1 Be7 22. Be3 Nb6 23. Rc7 Bc6 24. Bf4 Nd5 0-1